000
00327nam a22001337a 4500
008
171123b xxu||||| |||| 00| 0 eng d
020
_a
9780721686134
041
_a
eng
080
_2
2ND
_a
61
100
_a
4
101
_a
MJE
245
_a
SAY IT IN SPANISH A GUIDE FOR HEALTH CARE PROFESSIONALS
_c
JOYCE,E.V
942
_2
udc
_c
BK
999
_c
38359
_d
38359